La envolvente /
Guardado en:
| Autor Principal: | |
|---|---|
| Formato: | Libro |
| Idioma: | Spanish Russian |
| Publicado: |
Moscú :
Mir,
c1977.
|
| Series: | Lecciones populares de matemáticas.
|
| Etiquetas: |
Agregar Etiqueta
Sin Etiquetas, Sea el primero en etiquetar este registro!
|
| LEADER | 00578nam a22001695a 4500 | ||
|---|---|---|---|
| 001 | MAT.inmabb006647 | ||
| 008 | 120814s1977####ru#a##########000#0#spa#d | ||
| 005 | 20170515144038.0 | ||
| 245 | 1 | 3 | |a La envolvente / |c V. G. Boltianski ; traducido del ruso por V. Llanos Más. |
| 260 | |a Moscú : |b Mir, |c c1977. | ||
| 300 | |a 88 p. : |b il. ; |c 20 cm. | ||
| 490 | 1 | |a Lecciones populares de matemáticas | |
| 100 | 1 | |a Boltianskii, V. G. |q (Vladimir Grigor´evich), |d 1925- | |
| 830 | 0 | |a Lecciones populares de matemáticas. | |
| 084 | |a 53 |2 mr | ||
| 041 | 1 | |a spa |h rus | |
| 859 | |h 53 |i B694 |p A-5878 |b BIB. MATEMATICA | ||
